• 首页
  • 本馆介绍
  • 公告通知
  • 最新文献
  • 馆藏检索
  • 电子资源
  • 读者导购
  • 参考咨询
  • 我的图书馆
  • 登录
  • 详细信息显示
  • 放入我的书架
  • 预约/预借图书
  • 作者相关作品
  • 分类相关作品
  • 丛书相关作品
  • 出版社相关作品

书目信息

  • 表格格式
  • 工作单格式
  • 卡片格式
题名:
中国地理标志产品大典
    
 
作者: 卢厚林 主编 ;国家质量监督检验检疫总局 丛书主编 ;宁波出入境检验检疫局 分卷主编
分册: 五   浙江卷
出版信息: 北京   中国质检出版社  2014
页数: 157页
开本: 25cm
丛书名:
单 册:
中图分类: F76 , F760.5
科图分类:
主题词: 地理--标志--产品标识--浙江
电子资源:
ISBN: 978-7-5026-3955-6
000 01166nam0 2200277 450
001 2368
005 20161205095517.15
010    @a978-7-5026-3955-6@dCNY49.00
100    @a20141225d2014 em y0chiy50 ea
101 0  @achi
102    @aCN@b110000
105    @aa z 000yy
200 1  @a中国地理标志产品大典@9zhong guo di li biao zhi chan pin da dian@h五@i浙江卷@f国家质量监督检验检疫总局丛书主编@g宁波出入境检验检疫局分卷主编
210    @a北京@c中国质检出版社@d2014
215    @a157页@c图@d25cm
300    @a国家新闻出版改革发展项目库入库项目 国家“十二五”重点规划图书 财政部中央文化企业国有资本经营预算资助项目
314    @a主编:卢厚林
330    @a本书共介绍了宁波15个地理标志产品的整体况、独特的地理环境、文化背景、文化积淀、品牌建设经验和相关知识链接。
606 0  @a地理@x标志@x产品标识@y浙江
690    @aF76@v5
690    @aF760.5@v4
701  0 @a卢厚林@9lu hou lin@4主编
711 02 @a国家质量监督检验检疫总局@9guo jia zhi liang jian du jian yan jian yi zong ju@4丛书主编
712 02 @a宁波出入境检验检疫局@9ning bo chu ru jing jian yan jian yi ju@4分卷主编
801  0 @aCN@b大连网信软件有限公司图书馆·11@c20161205
905    @aZUCC@dF76@e53
    
    中国地理标志产品大典.五.浙江卷/国家质量监督检验检疫总局丛书主编/宁波出入境检验检疫局分卷主编.-北京:中国质检出版社,2014
    157页:图;25cm
    国家新闻出版改革发展项目库入库项目 国家“十二五”重点规划图书 财政部中央文化企业国有资本经营预算资助项目
    
    ISBN 978-7-5026-3955-6:CNY49.00
    本书共介绍了宁波15个地理标志产品的整体况、独特的地理环境、文化背景、文化积淀、品牌建设经验和相关知识链接。
●
相关链接 在E读中查询图书 在五车中查询图书 在当当中查询图书 在豆瓣中查询图书


正题名:中国地理标志产品大典     索取号:F76/53         预约/预借

序号 登录号 条形码 馆藏地/架位号 状态 备注
1 910741   209107410   第一样本阅览室/ [索取号:F76/53] 在馆    
2 910742   209107429   第一借阅区/ [索取号:F76/53] 在馆    
3 910743   209107438   第一借阅区/ [索取号:F76/53] 在馆    
4 910744   209107447   第一借阅区/ [索取号:F76/53] 在馆    
5 910745   209107456   第一借阅区/ [索取号:F76/53] 在馆    
唐山师范学院图书馆 欢迎您!
大连网信软件有限公司© 版权所有